[Event "COL-ch sf"]
[Site "Pereira"]
[Date "2024.03.30"]
[Round "9"]
[White "Cabiativa, Juan Esteban"]
[Black "Gonzalez Velasco, Leandro"]
[Result "1-0"]
[WhiteElo "2068"]
[BlackElo "1971"]
[PlyCount "95"]
[EventDate "2024.03.26"]
[EventType "swiss"]
[EventRounds "11"]
[EventCountry "COL"]
[SourceTitle "CB14_2024"]
[SourceDate "2024.04.01"]
[SourceVersion "1"]
[SourceVersionDate "2024.04.01"]
[SourceQuality "1"]

1. d4 Nf6 2. c4 g6 3. Nc3 Bg7 4. e4 d6 5. h3 0-0 6. Nf3 e5 7. d5 a5 8. g4 Na6 9. Be3 Nc5 10. Nd2 Ne8 11. Rg1 Bd7 12. b3 c6 13. a3 Nc7 14. b4 axb4 15. axb4 N5a6 16. Bb6 Qc8 17. Rb1 Nb8 18. c5 Nb5 19. Nxb5 cxb5 20. cxd6 Ra3 21. Rc1 Rc3 22. Rxc3 Qxc3 23. Bc5 Na6 24. Rg3 Qb2 25. Qb1 Qxb1+ 26. Nxb1 Rc8 27. Rc3 Bf8 28. Kd2 b6 29. Bxb6 Bxd6 30. Rxc8+ Bxc8 31. Bxb5 Nxb4 32. Nc3 Kf8 33. Be2 Ke7 34. Nb5 Na6 35. Nxd6 Kxd6 36. Ba7 f6 37. Kc3 Nc7 38. Bb8 Kd7 39. f3 Bb7 40. Bc4 h6 41. Ba7 Ba6 42. Be3 Bxc4 43. Kxc4 g5 44. Bc5 Na6 45. Bf8 Ke8 46. Bd6 Kd7 47. Kb5 Kxd6 48. Kxa6 1-0

[Event "COL-ch sf"]
[Site "Pereira"]
[Date "2024.03.30"]
[Round "8"]
[White "Campos Gomez, Manuel"]
[Black "Cabiativa, Juan Esteban"]
[Result "1-0"]
[WhiteElo "2281"]
[BlackElo "2068"]
[PlyCount "133"]
[EventDate "2024.03.26"]
[EventType "swiss"]
[EventRounds "11"]
[EventCountry "COL"]
[SourceTitle "CB14_2024"]
[SourceDate "2024.04.01"]
[SourceVersion "1"]
[SourceVersionDate "2024.04.01"]
[SourceQuality "1"]

1. e4 c5 2. c3 Nf6 3. e5 Nd5 4. Nf3 Nc6 5. Bc4 Nb6 6. Bb3 c4 7. Bc2 d6 8. exd6 Qxd6 9. 0-0 Bg4 10. h3 Bh5 11. Re1 0-0-0 12. b3 Qf6 13. Na3 Bxf3 14. Qxf3 Qxf3 15. gxf3 cxb3 16. axb3 e5 17. Bf5+ Kb8 18. d4 exd4 19. Nb5 g5 20. Re4 dxc3 21. Bxg5 Rg8 22. Rg4 Rxg5 23. Rxg5 Be7 24. Rg7 a6 25. Nxc3 Bf6 26. Rxf7 Bxc3 27. Rc1 Bb2 28. Rc2 Ne5 29. Rxh7 Nxf3+ 30. Kf1 Be5 31. Bg4 Nd4 32. Rd2 Rf8 33. Rd3 a5 34. Rh5 Nc6 35. Rf3 Rd8 36. Rf7 a4 37. Rhh7 Na5 38. b4 Nbc4 39. bxa5 Nxa5 40. Rh5 Nc6 41. Rhh7 Na5 42. Rh5 Nc6 43. Bf3 a3 44. Bxc6 a2 45. Rxb7+ Kc8 46. Ra7 a1Q+ 47. Rxa1 Bxa1 48. Rh7 Rf8 49. f3 Be5 50. Be4 Rf6 51. h4 Bf4 52. h5 Kd8 53. Bg6 Rd6 54. Rf7 Bh6 55. Kg2 Rd7 56. Rf5 Rd6 57. Kg3 Ke7 58. Rf7+ Ke6 59. Rh7 Bd2 60. Kg4 Ke5 61. Rb7 Rd4+ 62. Be4 Kf6 63. h6 Rb4 64. h7 Rxb7 65. h8Q+ Rg7+ 66. Kh5 Bf4 67. Bd5 1-0

[Event "COL-ch sf"]
[Site "Pereira"]
[Date "2024.03.29"]
[Round "7"]
[White "Cabiativa, Juan Esteban"]
[Black "Puerta Rendon, Jacobo"]
[Result "1-0"]
[WhiteElo "2068"]
[BlackElo "1895"]
[PlyCount "67"]
[EventDate "2024.03.26"]
[EventType "swiss"]
[EventRounds "11"]
[EventCountry "COL"]
[SourceTitle "CB14_2024"]
[SourceDate "2024.04.01"]
[SourceVersion "1"]
[SourceVersionDate "2024.04.01"]
[SourceQuality "1"]

1. d4 Nf6 2. c4 e6 3. Nc3 d5 4. cxd5 exd5 5. Bg5 c6 6. e3 Bd6 7. Bd3 0-0 8. Qc2 h6 9. Bh4 Re8 10. Nge2 Nbd7 11. h3 Qa5 12. 0-0 Qc7 13. Rfc1 a6 14. Rab1 g5 15. Bg3 Nf8 16. Re1 Ne6 17. Na4 b5 18. Nc5 Nxc5 19. Qxc5 Bxg3 20. Nxg3 Nd7 21. Qc3 Nf6 22. Rbc1 Bd7 23. Nf5 h5 24. Qc5 Qd8 25. Rc2 Ne4 26. Bxe4 Rxe4 27. Ng3 Rh4 28. e4 dxe4 29. Nxe4 f5 30. Nd6 Qf6 31. Qe5 Rf8 32. d5 Rd4 33. dxc6 Rd1 34. cxd7 1-0

[Event "COL-ch sf"]
[Site "Pereira"]
[Date "2024.03.28"]
[Round "5"]
[White "Cabiativa, Juan Esteban"]
[Black "Cardona Marin, Fabio"]
[Result "1-0"]
[WhiteElo "2068"]
[BlackElo "1869"]
[PlyCount "98"]
[EventDate "2024.03.26"]
[EventType "swiss"]
[EventRounds "11"]
[EventCountry "COL"]
[SourceTitle "CB14_2024"]
[SourceDate "2024.04.01"]
[SourceVersion "1"]
[SourceVersionDate "2024.04.01"]
[SourceQuality "1"]

1. e4 e6 2. d4 d5 3. Nd2 dxe4 4. Nxe4 Nd7 5. Nf3 Be7 6. a4 Ngf6 7. Nxf6+ Bxf6 8. Bd3 c5 9. Be3 0-0 10. 0-0 cxd4 11. Nxd4 g6 12. Be4 a6 13. c4 Qe7 14. g3 Bg7 15. Bg2 e5 16. Ne2 Nf6 17. Qb3 Bg4 18. Rfe1 Bxe2 19. Rxe2 e4 20. Bd4 Rfe8 21. Rae1 Rab8 22. Qc2 Qb4 23. Qc3 Qxc3 24. Bxc3 b5 25. cxb5 axb5 26. a5 b4 27. Bd4 Rb5 28. a6 Ra5 29. a7 Nd7 30. Rxe4 Rxe4 31. Rxe4 Bxd4 32. Rxd4 Rxa7 33. Rxb4 Ra1+ 34. Bf1 Kf8 35. Kg2 Ke7 36. Rb7 Kd6 37. Bb5 Ne5 38. f4 Ng4 39. Be2 Nh6 40. g4 Re1 41. Bf3 Rc1 42. b4 Rc2+ 43. Kg3 Rc3 44. h3 Ke6 45. b5 Ng8 46. Rb6+ Ke7 47. g5 f5 48. Rb8 Kf7 49. b6 Ne7 1-0

[Event "ARG-ch U18"]
[Site "Ibague"]
[Date "2024.03.16"]
[Round "5"]
[White "Garzon Camelo, Andres Santiago"]
[Black "Cabiativa, Juan Esteban"]
[Result "0-1"]
[WhiteElo "2081"]
[BlackElo "2068"]
[PlyCount "122"]
[EventDate "2024.03.14"]
[EventType "swiss"]
[EventRounds "7"]
[EventCountry "COL"]
[SourceTitle "CB12_2024"]
[SourceDate "2023.10.01"]
[SourceVersion "1"]
[SourceVersionDate "2023.10.01"]
[SourceQuality "1"]

1. e4 c5 2. Nf3 Nc6 3. c3 Nf6 4. e5 Nd5 5. d4 cxd4 6. cxd4 d6 7. exd6 e6 8. Be2 Bxd6 9. 0-0 0-0 10. Nc3 Nxc3 11. bxc3 Qc7 12. Bd3 Bf4 13. Bb2 Rd8 14. g3 Bh6 15. Qe2 g6 16. Rad1 Bg7 17. Ng5 Qa5 18. h4 Bd7 19. Bc4 h6 20. Ne4 Ne7 21. Rfe1 Bc6 22. Nc5 Nd5 23. Qc2 Nf6 24. Bb3 b6 25. Nd3 Qf5 26. Ne5 Be4 27. Qe2 Qh3 28. Nf3 g5 29. hxg5 hxg5 30. Qxe4 Nxe4 31. Rxe4 Bf6 32. Bc4 Kg7 33. Bf1 Qf5 34. Re3 Rac8 35. Rde1 Rh8 36. Ne5 Qh7 37. Bg2 Qc2 38. R3e2 Qa4 39. Ng4 Qc4 40. Ne3 Qc7 41. Ng4 Rhd8 42. Nxf6 Kxf6 43. c4 Qxc4 44. d5+ Ke7 45. Ba3+ Kd7 46. Rd2 Ke8 47. Re3 b5 48. Re4 Qc3 49. Bb4 Qc1+ 50. Kh2 Rc4 51. Rxc4 Qxc4 52. Rb2 exd5 53. Rb1 f5 54. Bf1 Qxa2 55. Re1+ Kf7 56. Re7+ Kf6 57. Re2 Rh8+ 58. Kg1 Qb3 59. Bc5 Rh7 60. Bd4+ Kf7 61. Re5 Qf3 0-1

[Event "ARG-ch U18"]
[Site "Ibague"]
[Date "2024.03.14"]
[Round "1"]
[White "Cabiativa, Juan Esteban"]
[Black "Anillo Trespalacios, Daniel David"]
[Result "1-0"]
[WhiteElo "2068"]
[BlackElo "1610"]
[PlyCount "120"]
[EventDate "2024.03.14"]
[EventType "swiss"]
[EventRounds "7"]
[EventCountry "COL"]
[SourceTitle "CB12_2024"]
[SourceDate "2023.10.01"]
[SourceVersion "1"]
[SourceVersionDate "2023.10.01"]
[SourceQuality "1"]

1. d4 f5 2. Bg5 d5 3. e3 Qd6 4. Nd2 Bd7 5. Ngf3 Nc6 6. a3 e5 7. dxe5 Nxe5 8. Nxe5 Qxe5 9. c3 Bd6 10. Bf4 Qe6 11. Bxd6 Qxd6 12. Qh5+ g6 13. Qh4 Nf6 14. Be2 0-0-0 15. Qb4 Qc6 16. Nf3 Rde8 17. a4 Ne4 18. 0-0 Qf6 19. Rfd1 f4 20. Rxd5 fxe3 21. fxe3 Qb6 22. Qxb6 axb6 23. a5 Bc6 24. Re5 b5 25. a6 bxa6 26. Rxa6 Bb7 27. Ra1 Rxe5 28. Nxe5 Re8 29. Bg4+ Kd8 30. Rd1+ Nd6 31. Nf7+ Ke7 32. Nxd6 cxd6 33. Ra1 Ra8 34. Rxa8 Bxa8 35. Kf2 Bd5 36. Bf3 Bc4 37. Be2 Bxe2 38. Kxe2 Ke6 39. Kd3 Kd5 40. b3 Ke5 41. c4 b4 42. g3 h6 43. e4 g5 44. h3 h5 45. Ke3 h4 46. g4 Kf6 47. Kd4 Ke6 48. e5 dxe5+ 49. Ke4 Kf6 50. Kd5 e4 51. Kxe4 Ke6 52. c5 Kd7 53. Kd5 Kc7 54. Kc4 Kc6 55. Kxb4 Kc7 56. Kc4 Kc6 57. b4 Kc7 58. b5 Kb7 59. Kd5 Kc7 60. Ke6 Kc8 1-0

[Event "Wch U20 60th"]
[Site "Mexico City"]
[Date "2023.09.29"]
[Round "8"]
[White "Kanyamarala, Tarun"]
[Black "Cabiativa, Juan Esteban"]
[Result "1-0"]
[WhiteElo "2329"]
[BlackElo "2080"]
[PlyCount "153"]
[EventDate "2023.09.21"]
[EventType "swiss"]
[EventRounds "11"]
[EventCountry "MEX"]
[SourceTitle "EXT 2024"]
[Source "ChessBase"]
[SourceDate "2023.10.10"]
[SourceVersion "1"]
[SourceVersionDate "2023.10.10"]
[SourceQuality "1"]

1. e4 c5 2. c3 Nf6 3. e5 Nd5 4. Nf3 Nc6 5. Bc4 Nb6 6. Bb3 c4 7. Bc2 d6 8. exd6 Qxd6 9. 0-0 Bg4 10. Re1 0-0-0 11. Na3 Qf6 12. Qe2 Bxf3 13. gxf3 Rd5 14. Nxc4 Rg5+ 15. Kf1 Nxc4 16. Qxc4 Qxf3 17. d4 Qh3+ 18. Ke2 Qh5+ 19. Kd3 Qf3+ 20. Be3 b5 21. Qb3 Na5 22. Qa3 Nc4 23. Qa6+ Kb8 24. Bb1 Rd5 25. a4 Qf5+ 26. Ke2 Qh5+ 27. f3 Nxe3 28. axb5 Qxh2+ 29. Kxe3 Qc7 30. Be4 Rd6 31. Qa4 e5 32. dxe5 Rh6 33. Rh1 Bc5+ 34. Kd3 Rd8+ 35. Kc2 Rxh1 36. Rxh1 Be3 37. Rxh7 Qxe5 38. Qa6 Rd2+ 39. Kb3 Qe6+ 40. Qxe6 fxe6 41. Rxg7 Rh2 42. Rb7+ Kc8 43. Re7 Rh6 44. Bf5 Kd8 45. Rxe6 Rxe6 46. Bxe6 Ke7 47. Bd5 Bc1 48. Kc2 Bf4 49. b4 Kd6 50. Be4 Bg3 51. Kd3 Ke5 52. Kc4 Be1 53. Kb3 Bd2 54. c4 Kd6 55. Ka4 Kd7 56. Ka5 Kc7 57. Bd5 Kb8 58. c5 Kc7 59. b6+ axb6+ 60. cxb6+ Kc8 61. Kb5 Kb8 62. Kc5 Be3+ 63. Kc6 Bd2 64. b5 Be3 65. Be6 Bf4 66. Bh3 Bg3 67. Be6 Bf4 68. Bd5 Kc8 69. Be4 Bg3 70. b7+ Kd8 71. Kb6 Bb8 72. f4 Ke7 73. f5 Kf6 74. Kc6 Ke7 75. f6+ Kd8 76. f7 Bd6 77. f8Q+ 1-0

[Event "Wch U20 60th"]
[Site "Mexico City"]
[Date "2023.09.21"]
[Round "1"]
[White "Cabiativa, Juan Esteban"]
[Black "Svane, Frederik"]
[Result "0-1"]
[WhiteElo "2080"]
[BlackElo "2626"]
[PlyCount "144"]
[EventDate "2023.09.21"]
[EventType "swiss"]
[EventRounds "11"]
[EventCountry "MEX"]
[SourceTitle "EXT 2024"]
[Source "ChessBase"]
[SourceDate "2023.10.10"]
[SourceVersion "1"]
[SourceVersionDate "2023.10.10"]
[SourceQuality "1"]

1. e4 c5 2. Nf3 e6 3. d4 cxd4 4. Nxd4 Nc6 5. Nc3 Qc7 6. g4 a6 7. Be3 h6 8. Qd2 Nf6 9. f3 b5 10. Nxc6 dxc6 11. e5 Qxe5 12. 0-0-0 Qc7 13. Bf4 Qa5 14. Kb1 b4 15. Ne4 Nxe4 16. fxe4 e5 17. Bc4 Bxg4 18. Rdf1 f6 19. Qg2 Qc5 20. Bb3 Bh5 21. Bxe5 Qxe5 22. Rf5 Qd4 23. Rxh5 0-0-0 24. c3 bxc3 25. Qg4+ Kc7 26. Rd1 Qf2 27. bxc3 Ba3 28. Qg3+ Qxg3 29. hxg3 Rxd1+ 30. Bxd1 Re8 31. Ra5 Bd6 32. Rxa6 Rxe4 33. Ra7+ Kb6 34. Rxg7 Re3 35. g4 Rxc3 36. Rg6 Ba3 37. Bc2 Rf3 38. Bf5 h5 39. Rh6 Rc3 40. Bc2 hxg4 41. Rxf6 g3 42. Rg6 Kc5 43. Rg4 Kd5 44. Rg5+ Ke6 45. Rg4 Kd6 46. Rg5 Kc7 47. Rg6 Kb6 48. Rg4 c5 49. Rg6+ Kb5 50. Rg4 c4 51. Rg6 Kb4 52. Rb6+ Kc5 53. Rg6 Rf3 54. Be4 Re3 55. Bf5 Rf3 56. Be4 Rf1+ 57. Kc2 Kd4 58. Rg4 Rf2+ 59. Kd1 Bd6 60. Bc6+ Bf4 61. Rg8 c3 62. Rd8+ Kc5 63. Be4 g2 64. Rc8+ Kd4 65. Bxg2 Rd2+ 66. Ke1 Rxg2 67. Rd8+ Kc4 68. Rc8+ Kb4 69. Rf8 c2 70. Rxf4+ Kc3 71. Rf3+ Kd4 72. Kf1 Rd2 0-1

[Event "Pereira Gildardo Garcia Memorial-A"]
[Site "Pereira"]
[Date "2022.05.22"]
[Round "10"]
[White "Cabiativa, Juan Esteban"]
[Black "Carrillo Parra, Miguel Alfredo"]
[Result "0-1"]
[WhiteElo "1933"]
[BlackElo "2185"]
[PlyCount "44"]
[EventDate "2022.05.18"]
[EventType "swiss"]
[EventRounds "10"]
[EventCountry "COL"]
[SourceTitle "CBM 208 Extra"]
[Source "ChessBase"]
[SourceDate "2022.07.31"]
[SourceVersion "1"]
[SourceVersionDate "2022.07.31"]
[SourceQuality "1"]

1. c4 e5 2. Nc3 Nc6 3. Nf3 d6 4. d4 Bg4 5. dxe5 dxe5 6. Nd5 Nf6 7. Bg5 Bxf3 8. exf3 Nxd5 9. Bxd8 Bb4+ 10. Qd2 Rxd8 11. cxd5 Bxd2+ 12. Kxd2 Rxd5+ 13. Ke3 Ke7 14. Bc4 Rd4 15. Bb3 Rhd8 16. Rhd1 f5 17. Rxd4 Nxd4 18. Rc1 f4+ 19. Ke4 Nxb3 20. axb3 Kf6 21. Rc4 c5 22. Ra4 a5 0-1

[Event "Pereira Gildardo Garcia Memorial-A"]
[Site "Pereira"]
[Date "2022.05.21"]
[Round "7"]
[White "Cabiativa, Juan Esteban"]
[Black "Argote Heredia, Valentina"]
[Result "0-1"]
[WhiteElo "1933"]
[BlackElo "2215"]
[PlyCount "82"]
[EventDate "2022.05.18"]
[EventType "swiss"]
[EventRounds "10"]
[EventCountry "COL"]
[SourceTitle "CBM 208 Extra"]
[Source "ChessBase"]
[SourceDate "2022.07.31"]
[SourceVersion "1"]
[SourceVersionDate "2022.07.31"]
[SourceQuality "1"]

1. d4 Nf6 2. c4 e6 3. Nc3 Bb4 4. a3 Bxc3+ 5. bxc3 b6 6. f3 Nc6 7. e4 Ba6 8. Bg5 h6 9. Bh4 Na5 10. Qa4 0-0 11. e5 g5 12. Bf2 Nh7 13. Bd3 f5 14. h4 d5 15. hxg5 hxg5 16. Qd1 dxc4 17. Bc2 Rf7 18. Ne2 Nc6 19. Ng3 Ne7 20. Qd2 Nd5 21. Nh5 Qe7 22. Ke2 Kf8 23. f4 g4 24. Bh4 Qd7 25. Rh2 Qc6 26. Rah1 Ke8 27. Kf1 Kd7 28. Nf6+ Nhxf6 29. Bxf6 Raf8 30. Rh7 Kc8 31. Rxf7 Rxf7 32. Rh8+ Kb7 33. Bh4 Bb5 34. Rh6 Qd7 35. Be1 Rh7 36. Rxh7 Qxh7 37. Kg1 Qh6 38. g3 Bc6 39. Bd1 Ne3 40. Be2 Be4 41. Bf1 Qh1+ 0-1

[Event "Pereira Gildardo Garcia Memorial-A"]
[Site "Pereira"]
[Date "2022.05.20"]
[Round "5"]
[White "Cabiativa, Juan Esteban"]
[Black "Pazos Gambarrotti, Plinio Efrain"]
[Result "1/2-1/2"]
[WhiteElo "1933"]
[BlackElo "2093"]
[PlyCount "119"]
[EventDate "2022.05.18"]
[EventType "swiss"]
[EventRounds "10"]
[EventCountry "COL"]
[SourceTitle "CBM 208 Extra"]
[Source "ChessBase"]
[SourceDate "2022.07.31"]
[SourceVersion "1"]
[SourceVersionDate "2022.07.31"]
[SourceQuality "1"]

1. c4 e6 2. Nf3 d5 3. e3 Nf6 4. Nc3 Be7 5. b3 c5 6. cxd5 Nxd5 7. Nxd5 exd5 8. Bb2 0-0 9. d4 Nc6 10. a3 Bg4 11. Be2 Bf6 12. 0-0 cxd4 13. Nxd4 Bxe2 14. Qxe2 Bxd4 15. Bxd4 Nxd4 16. exd4 Re8 17. Qb5 Re6 18. Rfe1 a6 19. Qd3 Qe7 20. Rxe6 Qxe6 21. Rc1 Re8 22. h3 g6 23. b4 Qf6 24. Qc3 Kg7 25. Rd1 Re2 26. Rf1 Re4 27. Rd1 Qe6 28. Qd2 Re2 29. Qf4 Ra2 30. Qe5+ Qf6 31. Qxf6+ Kxf6 32. Rd3 Ke6 33. Kf1 Kd6 34. Ke1 b6 35. Rc3 a5 36. bxa5 bxa5 37. g3 h5 38. h4 f6 39. Rf3 Ke6 40. Kd1 g5 41. Ke1 a4 42. Re3+ Kf7 43. hxg5 fxg5 44. Re5 Kf6 45. Kf1 Rxa3 46. Rxd5 Ra1+ 47. Kg2 Rd1 48. Rd6+ Kf7 49. Rd5 g4 50. Rxh5 Rxd4 51. Ra5 Ke6 52. f3 Kd6 53. fxg4 Rxg4 54. Kf3 Rc4 55. g4 Kc6 56. g5 Kb6 57. Ra8 Kb7 58. Ra5 Kb6 59. Ra8 Kb7 60. Ra5 1/2-1/2

[Event "Pereira Gildardo Garcia Memorial-A"]
[Site "Pereira"]
[Date "2022.05.20"]
[Round "6"]
[White "Narvaez Ramirez, Faber Alberto"]
[Black "Cabiativa, Juan Esteban"]
[Result "0-1"]
[WhiteElo "2070"]
[BlackElo "1933"]
[PlyCount "95"]
[EventDate "2022.05.18"]
[EventType "swiss"]
[EventRounds "10"]
[EventCountry "COL"]
[SourceTitle "CBM 208 Extra"]
[Source "ChessBase"]
[SourceDate "2022.07.31"]
[SourceVersion "1"]
[SourceVersionDate "2022.07.31"]
[SourceQuality "1"]

1. e4 c5 2. Nf3 Nc6 3. d4 cxd4 4. Nxd4 g6 5. Nxc6 bxc6 6. Qd4 Nf6 7. e5 Nd5 8. e6 Nf6 9. exd7+ Qxd7 10. Qxd7+ Bxd7 11. Nc3 Bg7 12. Bc4 0-0 13. 0-0 e6 14. Rd1 a5 15. Na4 Nd5 16. Bf1 Bc8 17. c4 Nb4 18. a3 Nc2 19. Rb1 e5 20. Nb6 Rb8 21. Nxc8 Rfxc8 22. Bd3 Nd4 23. b4 e4 24. Bf1 axb4 25. axb4 c5 26. b5 Rb7 27. Bf4 f5 28. h3 Ne6 29. Be3 f4 30. Rd6 fxe3 31. Rxe6 exf2+ 32. Kxf2 Bd4+ 33. Kg3 e3 34. Be2 Kf7 35. Bg4 h5 36. Rf1+ Kg7 37. Rxg6+ Kxg6 38. Bxc8 e2 39. Re1 Re7 40. b6 Bc3 41. Rxe2 Rxe2 42. b7 Be5+ 43. Kf3 Rd2 44. Be6 Rd4 45. g3 Bb8 46. h4 Kf6 47. Bg8 Rd3+ 48. Ke4 0-1

[Event "Pereira Gildardo Garcia Memorial-A"]
[Site "Pereira"]
[Date "2022.05.18"]
[Round "2"]
[White "Avila Bautista, Roberto Al"]
[Black "Cabiativa, Juan Esteban"]
[Result "1-0"]
[WhiteElo "2126"]
[BlackElo "1933"]
[PlyCount "81"]
[EventDate "2022.05.18"]
[EventType "swiss"]
[EventRounds "10"]
[EventCountry "COL"]
[SourceTitle "CBM 208 Extra"]
[Source "ChessBase"]
[SourceDate "2022.07.31"]
[SourceVersion "1"]
[SourceVersionDate "2022.07.31"]
[SourceQuality "1"]

1. Nf3 Nf6 2. b3 c5 3. Bb2 Nc6 4. g3 d5 5. Bg2 Bf5 6. d3 Qd7 7. h3 h6 8. Ne5 Nxe5 9. Bxe5 g6 10. Nc3 Be6 11. e4 d4 12. Ne2 Bg7 13. g4 0-0 14. Ng3 Nxe4 15. Bxg7 Nxg3 16. Bxf8 Nxh1 17. Bxh6 Bd5 18. Bxd5 Qxd5 19. Qe2 Qg2 20. Qf1 Qf3 21. Bg5 f6 22. Bd2 Kf7 23. Qe2 Qxh3 24. 0-0-0 Qg2 25. Re1 e5 26. g5 Rh8 27. gxf6 Rh5 28. b4 cxb4 29. Bxb4 Nxf2 30. Bd6 Qg5+ 31. Kb1 Qxf6 32. Bxe5 Qb6+ 33. Kc1 Rf5 34. Bg3 Qc5 35. Bxf2 Qa3+ 36. Kd1 Qb4 37. Qe8+ Kf6 38. Bh4+ g5 39. Re6+ Kg7 40. Rg6+ Kh7 41. Qg8# 1-0

[Event "COL-ch U14"]
[Site "Bucaramanga"]
[Date "2022.05.06"]
[Round "4"]
[White "Becker Newmark, Jeronimo"]
[Black "Cabiativa, Juan Esteban"]
[Result "0-1"]
[WhiteElo "1636"]
[BlackElo "1933"]
[PlyCount "50"]
[EventDate "2022.05.04"]
[EventType "swiss"]
[EventRounds "9"]
[EventCountry "COL"]
[SourceTitle "EXT 2023"]
[Source "ChessBase"]
[SourceDate "2022.10.05"]
[SourceVersion "1"]
[SourceVersionDate "2022.10.05"]
[SourceQuality "1"]

1. d4 d5 2. Bf4 c5 3. c3 Nc6 4. e3 Nf6 5. Nd2 Bf5 6. Be2 Qb6 7. Qb3 c4 8. Qxb6 axb6 9. Ngf3 b5 10. 0-0 b4 11. Nh4 Bd7 12. Rfc1 h6 13. Nhf3 Bf5 14. Ne5 bxc3 15. Rxc3 e6 16. a3 Bb4 17. Rac1 Bxc3 18. Rxc3 0-0 19. h3 Nxe5 20. Bxe5 Ne4 21. Nxe4 Bxe4 22. f3 Bg6 23. e4 dxe4 24. fxe4 Bxe4 25. Rxc4 Rfc8 0-1

[Event "COL-ch U14"]
[Site "Bucaramanga"]
[Date "2022.05.05"]
[Round "3"]
[White "Cabiativa, Juan Esteban"]
[Black "Toro Ramirez, Samuel"]
[Result "1-0"]
[WhiteElo "1933"]
[BlackElo "1467"]
[PlyCount "93"]
[EventDate "2022.05.04"]
[EventType "swiss"]
[EventRounds "9"]
[EventCountry "COL"]
[SourceTitle "EXT 2023"]
[Source "ChessBase"]
[SourceDate "2022.10.05"]
[SourceVersion "1"]
[SourceVersionDate "2022.10.05"]
[SourceQuality "1"]

1. e4 e5 2. Nf3 Nc6 3. Nc3 Nf6 4. Bb5 Bb4 5. 0-0 0-0 6. Nd5 Ba5 7. d3 Nxd5 8. exd5 Nd4 9. Nxd4 exd4 10. Qg4 Qf6 11. Bxd7 Bxd7 12. Qxd7 Rfd8 13. Qb5 Bb6 14. Re1 h6 15. f4 Qd6 16. Bd2 Kh7 17. Re5 f6 18. Re2 Qxd5 19. Qxd5 Rxd5 20. a4 a5 21. Rae1 Bc5 22. b3 Bb4 23. Bxb4 axb4 24. Re7 Rc5 25. Rd7 Rxc2 26. Ree7 Rg8 27. Rxc7 Rc3 28. Rxb7 Rxb3 29. Red7 Ra8 30. Rxg7+ Kh8 31. Rgd7 Rb1+ 32. Kf2 b3 33. Rxd4 Rc8 34. Rc4 Re8 35. Rcb4 Rbe1 36. Rb8 R1e2+ 37. Kf3 R2e3+ 38. Kg4 Rg8+ 39. Rxg8+ Kxg8 40. Rxb3 Kf7 41. Kf5 Re7 42. Rb6 Ra7 43. Rxf6+ Kg7 44. Rg6+ Kh7 45. Re6 Rxa4 46. Re1 Kg7 47. Re7+ 1-0

[Event "Bogota Excalibur op"]
[Site "Bogota"]
[Date "2022.03.19"]
[Round "2"]
[White "Cabiativa, Juan Esteban"]
[Black "Rico Duran, Juan Sebastian"]
[Result "1/2-1/2"]
[WhiteElo "1943"]
[BlackElo "1712"]
[PlyCount "72"]
[EventDate "2022.03.18"]
[EventType "swiss"]
[EventRounds "7"]
[EventCountry "COL"]
[SourceTitle "CBM 207 Extra"]
[Source "ChessBase"]
[SourceDate "2022.05.31"]
[SourceVersion "1"]
[SourceVersionDate "2022.05.31"]
[SourceQuality "1"]

1. b3 Nf6 2. Bb2 d5 3. e3 Bf5 4. Nf3 e6 5. Be2 Bd6 6. 0-0 h6 7. c4 c6 8. Nc3 0-0 9. d3 Nbd7 10. e4 Bh7 11. Re1 dxe4 12. dxe4 Bb4 13. e5 Ne4 14. Bd3 Bxc3 15. Bxc3 Ndc5 16. Bxe4 Nxe4 17. Bb2 Qxd1 18. Raxd1 Rfd8 19. Bd4 c5 20. Be3 b6 21. Rc1 Rd3 22. Red1 Rad8 23. Rxd3 Rxd3 24. Ne1 Rd7 25. f3 Nd2 26. Kf2 Kf8 27. Ke2 Nb1 28. g4 Ke7 29. h4 Na3 30. h5 f6 31. exf6+ Kxf6 32. Bf4 e5 33. Bd2 Nb1 34. Be3 Na3 35. Bd2 Nb1 36. Be3 Na3 1/2-1/2

[Event "Bogota Excalibur op"]
[Site "Bogota"]
[Date "2022.03.18"]
[Round "1"]
[White "Garzon Montana, Andres Camilo"]
[Black "Cabiativa, Juan Esteban"]
[Result "0-1"]
[WhiteElo "1545"]
[BlackElo "1943"]
[PlyCount "44"]
[EventDate "2022.03.18"]
[EventType "swiss"]
[EventRounds "7"]
[EventCountry "COL"]
[SourceTitle "CBM 207 Extra"]
[Source "ChessBase"]
[SourceDate "2022.05.31"]
[SourceVersion "1"]
[SourceVersionDate "2022.05.31"]
[SourceQuality "1"]

1. e4 c5 2. Nf3 d6 3. d4 cxd4 4. Nxd4 Nf6 5. Nc3 g6 6. f3 Bg7 7. Be3 0-0 8. Qd2 Nc6 9. 0-0-0 d5 10. exd5 Nxd5 11. Nxd5 Qxd5 12. Nxc6 Qxc6 13. Bd3 Be6 14. Kb1 Rfd8 15. Qb4 Qd5 16. Qb3 Qe5 17. Qa3 Qxe3 18. Rhe1 Qb6 19. h4 Rd5 20. b3 Qd4 21. c4 Qa1+ 22. Kc2 Qc3+ 0-1

[Event "COL Subzt 2.3.4"]
[Site "Risarald"]
[Date "2021.11.26"]
[Round "7"]
[White "Arango, Jesus Eduardo"]
[Black "Cabiativa, Juan Esteban"]
[Result "1/2-1/2"]
[WhiteElo "1743"]
[BlackElo "2056"]
[PlyCount "81"]
[EventDate "2021.11.23"]
[EventType "swiss"]
[EventRounds "9"]
[EventCountry "COL"]
[SourceTitle "CBM 205 Extra"]
[Source "ChessBase"]
[SourceDate "2022.01.31"]
[SourceVersion "1"]
[SourceVersionDate "2022.01.31"]
[SourceQuality "1"]

1. e4 c5 2. Nf3 e6 3. d4 cxd4 4. Nxd4 a6 5. Be2 Qc7 6. 0-0 Nf6 7. Bf3 d6 8. Re1 Be7 9. b3 0-0 10. Bb2 Bd7 11. c4 Nc6 12. Nc3 Rac8 13. g3 Qb8 14. Rc1 Nxd4 15. Qxd4 b5 16. cxb5 axb5 17. e5 dxe5 18. Qxe5 Bd6 19. Qe2 b4 20. Ne4 Nxe4 21. Bxe4 e5 22. Rcd1 Be6 23. Qd3 Rfd8 24. Bxh7+ Kf8 25. Qf3 Qa8 26. Qxa8 Rxa8 27. Bxe5 Bxe5 28. Rxd8+ Rxd8 29. Rxe5 Rd2 30. Be4 Rxa2 31. Rb5 Bxb3 32. Rxb4 Be6 33. Kg2 Rd2 34. h4 g6 35. Kf3 Kg7 36. Ke3 Rd1 37. Bc2 Ra1 38. Kf4 Ra2 39. Bd3 Rxf2+ 40. Ke3 Rf6 41. Rf4 1/2-1/2

[Event "COL Subzt 2.3.4"]
[Site "Risarald"]
[Date "2021.11.24"]
[Round "3"]
[White "Acero Vargas, Cristian Camilo"]
[Black "Cabiativa, Juan Esteban"]
[Result "0-1"]
[WhiteElo "1729"]
[BlackElo "2056"]
[PlyCount "84"]
[EventDate "2021.11.23"]
[EventType "swiss"]
[EventRounds "9"]
[EventCountry "COL"]
[SourceTitle "CBM 205 Extra"]
[Source "ChessBase"]
[SourceDate "2022.01.31"]
[SourceVersion "1"]
[SourceVersionDate "2022.01.31"]
[SourceQuality "1"]

1. d4 d5 2. Bf4 Nf6 3. e3 c5 4. c3 Nc6 5. Nd2 Bf5 6. Qb3 Qc8 7. Ngf3 c4 8. Qd1 h6 9. Be2 e6 10. 0-0 Be7 11. Qc1 Bh7 12. Bd1 Nh5 13. Bc2 Nxf4 14. exf4 Bxc2 15. Qxc2 0-0 16. Ne5 b5 17. Ndf3 a5 18. g4 Nxe5 19. Nxe5 Bd6 20. g5 Bxe5 21. fxe5 hxg5 22. f4 Qd8 23. Kh1 f5 24. exf6 Qxf6 25. Rf3 gxf4 26. Rh3 Qf5 27. Qxf5 Rxf5 28. Re1 f3 29. Re5 Rxe5 30. dxe5 Rf8 31. Kg1 Rf5 32. Kf2 Rxe5 33. Kxf3 Re1 34. Rg3 b4 35. Rg2 bxc3 36. bxc3 Rc1 37. Ke3 Rxc3+ 38. Kd4 Rc1 39. Kc5 c3 40. Kb5 c2 41. Kxa5 d4 42. Ka4 d3 0-1